Les albums de Rohff - Statistiques

Statistiques générales
  • Ce quiz a été pris 68 fois
  • Le résultat moyen est 9 sur 13
Statistiques - réponses
Hint Réponse % Correct
Album Le Code de l'horreur
88%
Album Fitna
85%
Album Le Code de l'honneur
85%
Album Grand Monsieur
82%
Album La Fierté des nôtres
80%
Album P.D.R.G.
77%
Album La Cuenta
75%
Album Surnaturel
73%
Album Au-delà de mes limites
67%
Album La Vie avant la mort
67%
Album Le Rohff Game
62%
Mixtape Le Cauchemar du rap français
53%
Mixtape 10 ans d'avance
23%
Aucun quiz correspondant
Distribution des résultats
% des personnes avec chaque résultat
Percentile par nombre de réponses
Votre historique - résultats
Vous n’avez pas pris ce quiz